000 00605nam a2200193Ia 4500
003 GCL
008 140319s9999 xx 000 0 ara d
040 _aGCL /
_cGCL
082 0 4 _a001.5
_bع ا
100 1 _aعاطف عدلى العبد
245 1 0 _aالاعلام العمانى وقضايا البيئة /
_cعاطف عدلى العبد
300 _a298 ص
490 _aالهيئة العامة للاستعلامات
_v0
650 0 4 _aحماية البيئة
650 0 4 _aالاعلام
650 0 4 _aالوعى الاجتماعى
650 0 4 _aالاعلام - عمان
942 _2ddc
_cBK
999 _c52086
_d52086